[Event "Titled Tuesday intern op 27th Sep Late"]
[Site "Chess.com INT"]
[Date "2022.09.27"]
[Round "10"]
[White "Ibarra Jerez, Jose Carlos"]
[Black "Bispo, Leonardo"]
[Result "1-0"]
[WhiteElo "2570"]
[BlackElo "2195"]
[PlyCount "43"]
[EventDate "2022.09.27"]
[EventType "swiss (blitz)"]
[EventRounds "11"]
[EventCountry "USA"]
[SourceTitle "CBM 210 Extra"]
[Source "ChessBase"]
[SourceDate "2022.11.30"]
[SourceVersion "1"]
[SourceVersionDate "2022.11.30"]
[SourceQuality "1"]

1. e4 e5 2. Nf3 Nf6 3. Nxe5 d6 4. Nxf7 Kxf7 5. d4 Qe8 6. f3 c5 7. Nc3 cxd4 8. Nb5 Nc6 9. Nc7 Qd8 10. Bc4+ d5 11. exd5 Ne5 12. Bb3 Bd6 13. Nxa8 d3 14. 0-0 Bf5 15. Be3 Qxa8 16. c4 b6 17. g4 Bg6 18. g5 Qc8 19. Qd2 Nh5 20. f4 Qg4+ 21. Qg2 Be4 22. fxe5+ 1-0

[Event "Sao Paulo U2300 op 7th"]
[Site "Sao Paulo"]
[Date "2018.04.01"]
[Round "6"]
[White "Bispo, Leonardo"]
[Black "Da Silva, Lindolfo Luiz"]
[Result "1-0"]
[WhiteElo "2236"]
[BlackElo "2199"]
[PlyCount "79"]
[EventDate "2018.03.30"]
[EventType "swiss"]
[EventRounds "6"]
[EventCountry "BRA"]
[SourceTitle "EXT 2019"]
[Source "ChessBase"]
[SourceDate "2018.10.10"]
[SourceVersion "1"]
[SourceVersionDate "2018.10.10"]
[SourceQuality "1"]

1. d4 Nf6 2. Nf3 g6 3. c4 Bg7 4. g3 0-0 5. Bg2 d6 6. b3 Nc6 7. Bb2 a6 8. d5 Nb8 9. 0-0 e5 10. dxe6 fxe6 11. Nc3 Nc6 12. Nd4 Bd7 13. Nc2 Qe7 14. Ne3 Rae8 15. Qd2 Bh6 16. Ne4 Nxe4 17. Bxe4 e5 18. Bg2 Bc8 19. Rad1 Qf7 20. f4 e4 21. Nd5 Bg7 22. h3 h5 23. e3 Be6 24. Bxg7 Qxg7 25. Kh2 Bf5 26. Qe2 Qd7 27. Qb2 Qf7 28. Rh1 Rc8 29. g4 hxg4 30. hxg4 Bxg4 31. Kg3 Bh5 32. Bxe4 Qg7 33. Qxg7+ Kxg7 34. Rdg1 Rfe8 35. Bf3 Bxf3 36. Kxf3 Ne7 37. Nxe7 Rxe7 38. f5 Kf6 39. Rxg6+ Kxf5 40. Rhg1 1-0

[Event "Sao Paulo U2300 op 7th"]
[Site "Sao Paulo"]
[Date "2018.03.31"]
[Round "3"]
[White "Pereira, Geanfrancesco"]
[Black "Bispo, Leonardo"]
[Result "1-0"]
[WhiteElo "2026"]
[BlackElo "2236"]
[PlyCount "87"]
[EventDate "2018.03.30"]
[EventType "swiss"]
[EventRounds "6"]
[EventCountry "BRA"]
[SourceTitle "CBM 183 Extra"]
[Source "ChessBase"]
[SourceDate "2018.04.19"]
[SourceVersion "1"]
[SourceVersionDate "2018.04.19"]
[SourceQuality "1"]

1. d4 Nf6 2. c3 g6 3. Nf3 Bg7 4. Bf4 c5 5. dxc5 Na6 6. b4 Nh5 7. Be5 f6 8. g4 fxe5 9. gxh5 d5 10. cxd6 Qxd6 11. Qxd6 exd6 12. hxg6 Nxb4 13. Na3 e4 14. Nd4 Nc6 15. Nab5 Nxd4 16. cxd4 Ke7 17. gxh7 Bd7 18. e3 Rxh7 19. Rc1 Bc6 20. d5 Bd7 21. h4 a6 22. Nc3 Rah8 23. Nxe4 Rxh4 24. Rxh4 Rxh4 25. Bg2 Rh5 26. Rc7 b6 27. Rb7 b5 28. Ng3 Rh2 29. Kf1 Kd8 30. Ne4 Bf8 31. Rb6 Bf5 32. Nxd6 Bd3+ 33. Kg1 Rh4 34. Rxa6 Kc7 35. Rc6+ Kd7 36. Nf7 Bg7 37. f4 Bb1 38. Ra6 Rg4 39. Kf2 Rg6 40. Ra7+ Ke8 41. d6 Bf5 42. Bd5 Bc8 43. Ra8 Kd7 44. f5 1-0

[Event "Sao Paulo Carnaval op"]
[Site "Sao Paulo"]
[Date "2018.02.13"]
[Round "7"]
[White "Gazola, Vanessa Ramos"]
[Black "Bispo, Leonardo"]
[Result "1/2-1/2"]
[WhiteElo "2018"]
[BlackElo "2245"]
[PlyCount "55"]
[EventDate "2018.02.10"]
[EventType "swiss"]
[EventRounds "7"]
[EventCountry "BRA"]
[SourceTitle "CBM 183 Extra"]
[Source "ChessBase"]
[SourceDate "2018.04.19"]
[SourceVersion "1"]
[SourceVersionDate "2018.04.19"]
[SourceQuality "1"]

1. d4 Nf6 2. c4 g6 3. Nc3 Bg7 4. e4 c5 5. d5 d6 6. Bd3 0-0 7. h3 Na6 8. Nf3 Nc7 9. 0-0 e5 10. dxe6 Nxe6 11. Bc2 a6 12. a4 Re8 13. Re1 Nd4 14. Nxd4 cxd4 15. Nd5 Nxd5 16. cxd5 Bd7 17. Bd3 b5 18. b3 Rc8 19. Bb2 Qg5 20. Bc1 Qf6 21. Bd2 Rc3 22. e5 Rxe5 23. Bxc3 dxc3 24. axb5 axb5 25. Ra8+ Bf8 26. Rxe5 dxe5 27. Qa1 b4 28. Qa5 1/2-1/2

[Event "Sao Paulo Carnaval op"]
[Site "Sao Paulo"]
[Date "2018.02.11"]
[Round "3"]
[White "Bispo, Leonardo"]
[Black "De Moura, Sergio Jovelino"]
[Result "1-0"]
[WhiteElo "2245"]
[BlackElo "2017"]
[PlyCount "55"]
[EventDate "2018.02.10"]
[EventType "swiss"]
[EventRounds "7"]
[EventCountry "BRA"]
[SourceTitle "CBM 183 Extra"]
[Source "ChessBase"]
[SourceDate "2018.04.19"]
[SourceVersion "1"]
[SourceVersionDate "2018.04.19"]
[SourceQuality "1"]

1. d4 Nf6 2. c4 c5 3. Nf3 g6 4. g3 Bg7 5. Bg2 0-0 6. b3 d5 7. cxd5 cxd4 8. Bb2 Qxd5 9. 0-0 d3 10. exd3 Qh5 11. Re1 Nc6 12. Qc1 Bh3 13. Bh1 Rac8 14. Na3 Bg4 15. Qd1 Rfd8 16. Nc2 Nd5 17. Bxg7 Kxg7 18. Qe2 Nc3 19. Qe3 Nd5 20. Qe2 Kg8 21. d4 Ncb4 22. Nxb4 Nxb4 23. Qxe7 Bxf3 24. Bxf3 Qxf3 25. Re3 Qd5 26. Qxb4 Qxd4 27. Re8+ Kg7 28. Qxd4+ 1-0

[Event "BRA-ch sf Reg1 84th"]
[Site "Sao Paulo"]
[Date "2017.12.10"]
[Round "6"]
[White "Alboredo, Julia"]
[Black "Bispo, Leonardo"]
[Result "1/2-1/2"]
[WhiteElo "2119"]
[BlackElo "2249"]
[PlyCount "116"]
[EventDate "2017.12.07"]
[EventType "swiss"]
[EventRounds "7"]
[EventCountry "BRA"]
[SourceTitle "CBM 182 Extra"]
[Source "ChessBase"]
[SourceDate "2018.02.23"]
[SourceVersion "1"]
[SourceVersionDate "2018.02.23"]
[SourceQuality "1"]

1. e4 e5 2. Nf3 Nf6 3. Nxe5 d6 4. Nf3 Nxe4 5. Nc3 Nf6 6. d4 d5 7. Bd3 Bd6 8. Bg5 c6 9. 0-0 0-0 10. Ne5 Nbd7 11. f4 h6 12. Bh4 Qb6 13. Kh1 Qxb2 14. Ne2 Ne4 15. Bxe4 dxe4 16. Nc4 Qb4 17. Nxd6 Qxd6 18. f5 Nf6 19. Ng3 Re8 20. Re1 e3 21. Bxf6 Qxf6 22. Qd3 Bd7 23. Rxe3 Rxe3 24. Qxe3 Re8 25. Qc3 Bxf5 26. Rf1 g6 27. Nxf5 gxf5 28. Qd3 Qg5 29. h3 Re3 30. Qxf5 Qxf5 31. Rxf5 Ra3 32. c4 Rxa2 33. d5 Ra5 34. Re5 Kf8 35. Kh2 cxd5 36. cxd5 f6 37. Re6 Rxd5 38. Rxf6+ Kg7 39. Re6 Rb5 40. Re8 a5 41. Ra8 b6 42. g4 h5 43. Kg3 hxg4 44. hxg4 Kf6 45. Kh4 Ke6 46. g5 Rb1 47. Kh5 Kd5 48. g6 Rg1 49. Kh6 Kc4 50. g7 Kb4 51. g8Q Rxg8 52. Rxg8 a4 53. Kg5 b5 54. Kf4 a3 55. Ra8 Kb3 56. Ke4 Kb2 57. Kd4 b4 58. Kc4 a2 1/2-1/2

[Event "Agua Preta op"]
[Site "Agua Preta"]
[Date "2017.11.26"]
[Round "5"]
[White "Di Berardino, Diego Rafael"]
[Black "Bispo, Leonardo"]
[Result "1-0"]
[WhiteElo "2509"]
[BlackElo "2249"]
[PlyCount "85"]
[EventDate "2017.11.24"]
[EventType "swiss"]
[EventRounds "6"]
[EventCountry "BRA"]
[SourceTitle "EXT 2019"]
[Source "ChessBase"]
[SourceDate "2018.10.10"]
[SourceVersion "1"]
[SourceVersionDate "2018.10.10"]
[SourceQuality "1"]

1. Nf3 Nf6 2. c4 g6 3. Nc3 Bg7 4. e4 c5 5. d4 cxd4 6. Nxd4 d6 7. Be2 Nc6 8. Nc2 Be6 9. 0-0 Rc8 10. f4 Qb6+ 11. Be3 Qa5 12. Qd2 Ng4 13. Bxg4 Bxg4 14. Rab1 Be6 15. b4 Qh5 16. Nd5 b6 17. Rf3 g5 18. Rg3 h6 19. Rf1 f6 20. Nd4 Nxd4 21. Qxd4 Qe2 22. Rc1 Qxa2 23. f5 Bf7 24. Rf3 Qa6 25. c5 dxc5 26. bxc5 Qb7 27. Qa4+ b5 28. Qd4 a5 29. Rff1 Rc6 30. Ra1 0-0 31. Rxa5 e6 32. Nb4 Rcc8 33. c6 Rxc6 34. Ra7 Qc8 35. Nxc6 Qxc6 36. Rc1 Qe8 37. Rcc7 exf5 38. exf5 Bh8 39. Re7 Qc8 40. Rxf7 Rxf7 41. Qd5 Qc4 42. Ra8+ Kh7 43. Qd8 1-0

[Event "Agua Preta op"]
[Site "Agua Preta"]
[Date "2017.11.25"]
[Round "3"]
[White "Bispo, Leonardo"]
[Black "Guimaraes, Diogo Duarte"]
[Result "0-1"]
[WhiteElo "2249"]
[BlackElo "2280"]
[PlyCount "47"]
[EventDate "2017.11.24"]
[EventType "swiss"]
[EventRounds "6"]
[EventCountry "BRA"]
[SourceTitle "CBM 181 Extra"]
[Source "ChessBase"]
[SourceDate "2017.12.12"]
[SourceVersion "1"]
[SourceVersionDate "2017.12.12"]
[SourceQuality "1"]

1. d4 Nf6 2. Nf3 d5 3. c4 c6 4. e3 Bf5 5. cxd5 cxd5 6. Nc3 a6 7. Qb3 b5 8. a4 b4 9. Qxb4 Nc6 10. Qc5 Na5 11. Qa3 e6 12. b4 Nc6 13. Na2 Rb8 14. Bd2 Ne4 15. Qc1 Qb6 16. b5 Na5 17. bxa6 Bd6 18. Bb5+ Ke7 19. 0-0 Nb3 20. Qd1 Nxa1 21. Qxa1 Nxd2 22. Nxd2 Rhc8 23. Nc1 Qa5 24. Nf3 0-1

[Event "Agua Preta op"]
[Site "Agua Preta"]
[Date "2017.11.24"]
[Round "1"]
[White "Bispo, Leonardo"]
[Black "Hengles, Roberto Carlos"]
[Result "1-0"]
[WhiteElo "2249"]
[BlackElo "1787"]
[PlyCount "59"]
[EventDate "2017.11.24"]
[EventType "swiss"]
[EventRounds "6"]
[EventCountry "BRA"]
[SourceTitle "CBM 181 Extra"]
[Source "ChessBase"]
[SourceDate "2017.12.12"]
[SourceVersion "1"]
[SourceVersionDate "2017.12.12"]
[SourceQuality "1"]

1. d4 d5 2. c4 e6 3. Nf3 Nf6 4. Nc3 c6 5. e3 Be7 6. g4 g6 7. h3 h5 8. gxh5 Rxh5 9. Qc2 Na6 10. a3 Nc7 11. Bd2 a5 12. Ne5 dxc4 13. Bxc4 Ncd5 14. Bd3 Nxc3 15. bxc3 Qd5 16. Ke2 Rxe5 17. dxe5 Qxe5 18. c4 Qh5+ 19. f3 Bd7 20. Rag1 g5 21. e4 Ng8 22. h4 g4 23. Rxg4 0-0-0 24. Qc1 f5 25. Rg5 Bxg5 26. hxg5 Qf7 27. Bxa5 fxe4 28. Bxe4 Rf8 29. Qe3 Qe8 30. Qa7 1-0

[Event "Brazil AXPG op 1st"]
[Site "Ponta Grossa"]
[Date "2017.10.27"]
[Round "3"]
[White "Bispo, Leonardo"]
[Black "Acosta, Pablo Ismael"]
[Result "1-0"]
[WhiteElo "2241"]
[BlackElo "1954"]
[PlyCount "35"]
[EventDate "2017.10.26"]
[EventType "swiss"]
[EventRounds "7"]
[EventCountry "BRA"]
[SourceTitle "CBM 181 Extra"]
[Source "ChessBase"]
[SourceDate "2017.12.12"]
[SourceVersion "1"]
[SourceVersionDate "2017.12.12"]
[SourceQuality "1"]

1. d4 f5 2. c4 Nf6 3. Nf3 g6 4. g3 Bg7 5. Bg2 0-0 6. 0-0 d6 7. d5 c5 8. Nbd2 f4 9. gxf4 Nh5 10. e3 Bg4 11. Ne4 Qd7 12. Neg5 Na6 13. h3 Bxf3 14. Bxf3 Nf6 15. Ne6 Rfb8 16. e4 Nc7 17. e5 Nxe6 18. exf6 1-0

[Event "Caioba Telecom op"]
[Site "Caioba"]
[Date "2017.10.01"]
[Round "7"]
[White "Oliveira, Jonathan De"]
[Black "Bispo, Leonardo"]
[Result "0-1"]
[WhiteElo "2165"]
[BlackElo "2223"]
[PlyCount "71"]
[EventDate "2017.09.28"]
[EventType "swiss"]
[EventRounds "8"]
[EventCountry "BRA"]
[SourceTitle "EXT 2020"]
[Source "ChessBase"]
[SourceDate "2019.10.17"]
[SourceVersion "1"]
[SourceVersionDate "2019.10.17"]
[SourceQuality "1"]

1. Nf3 Nf6 2. c4 g6 3. g3 Bg7 4. Bg2 0-0 5. 0-0 d5 6. cxd5 Nxd5 7. d4 Nc6 8. e4 Nb6 9. d5 Nb8 10. Nc3 c6 11. Be3 e6 12. dxe6 Bxe6 13. Qc2 Nc4 14. Bc5 Re8 15. Rfd1 Qa5 16. Bd4 Bh6 17. Na4 Nd7 18. b3 Ncb6 19. Nxb6 axb6 20. h3 b5 21. Bb2 Bg7 22. Nd4 Nf8 23. f4 Red8 24. Kh2 Qb6 25. Qf2 Bc8 26. Rd2 c5 27. Nf3 Bxb2 28. Rxb2 Qf6 29. e5 Qe7 30. Rc1 Ne6 31. Nd2 Ra6 32. Ne4 b4 33. Rd2 Rxd2 34. Qxd2 Bd7 35. Nf6+ Kg7 36. Rf1 0-1

[Event "Caioba Telecom op"]
[Site "Caioba"]
[Date "2017.09.28"]
[Round "2"]
[White "Bispo, Leonardo"]
[Black "Tamarozi, Isabelle"]
[Result "1-0"]
[WhiteElo "2223"]
[BlackElo "1928"]
[PlyCount "51"]
[EventDate "2017.09.28"]
[EventType "swiss"]
[EventRounds "8"]
[EventCountry "BRA"]
[SourceTitle "EXT 2018"]
[Source "ChessBase"]
[SourceDate "2017.10.13"]
[SourceVersion "1"]
[SourceVersionDate "2017.10.13"]
[SourceQuality "1"]

1. d4 Nf6 2. c4 g6 3. Nf3 Bg7 4. g3 0-0 5. Bg2 d6 6. b3 Re8 7. Bb2 Nbd7 8. 0-0 c6 9. d5 c5 10. Re1 Rb8 11. e4 a6 12. Nbd2 b5 13. Rc1 Qa5 14. Bc3 Qc7 15. e5 dxe5 16. Nxe5 Bb7 17. Nc6 Bxc6 18. dxc6 Nf8 19. Be5 Qa7 20. Bxb8 Qxb8 21. cxb5 Qxb5 22. Qe2 Ne6 23. Qxb5 axb5 24. Rxe6 fxe6 25. Rxc5 Rc8 26. Rxb5 1-0

[Event "Caioba Telecom op"]
[Site "Caioba"]
[Date "2017.09.28"]
[Round "1"]
[White "Santana, Expedito"]
[Black "Bispo, Leonardo"]
[Result "0-1"]
[WhiteElo "1620"]
[BlackElo "2223"]
[PlyCount "56"]
[EventDate "2017.09.28"]
[EventType "swiss"]
[EventRounds "8"]
[EventCountry "BRA"]
[SourceTitle "EXT 2018"]
[Source "ChessBase"]
[SourceDate "2017.10.13"]
[SourceVersion "1"]
[SourceVersionDate "2017.10.13"]
[SourceQuality "1"]

1. Nf3 Nf6 2. d4 g6 3. g3 Bg7 4. Bg2 0-0 5. 0-0 d5 6. Nbd2 Nc6 7. c3 Bf5 8. Re1 Qd7 9. e3 Bh3 10. Bh1 Rfe8 11. e4 dxe4 12. Nxe4 Nxe4 13. Rxe4 e5 14. d5 Rad8 15. c4 Nd4 16. Nxd4 exd4 17. Rxe8+ Rxe8 18. Bf4 h6 19. Qd3 g5 20. Bd2 Bf5 21. Qf1 d3 22. Re1 Bxb2 23. Bg2 Bd4 24. Kh1 Qa4 25. Be3 Bc3 26. Rb1 d2 27. Rd1 Bd3 28. Qg1 Be2 0-1

[Event "Guarapari op"]
[Site "Guarapari"]
[Date "2017.09.09"]
[Round "5"]
[White "Bispo, Leonardo"]
[Black "Bortoloso, Moacir Canella"]
[Result "1-0"]
[WhiteElo "2223"]
[BlackElo "2069"]
[PlyCount "173"]
[EventDate "2017.09.07"]
[EventType "swiss"]
[EventRounds "6"]
[EventCountry "BRA"]
[SourceTitle "CBM 180 Extra"]
[Source "ChessBase"]
[SourceDate "2017.10.06"]
[SourceVersion "1"]
[SourceVersionDate "2017.10.06"]
[SourceQuality "1"]

1. d4 Nf6 2. Nf3 e6 3. c4 b6 4. g3 Ba6 5. Qa4 Bb7 6. Bg2 Be7 7. 0-0 c5 8. dxc5 Bxc5 9. Nc3 0-0 10. Bf4 Bc6 11. Qc2 Qc8 12. Rad1 Na6 13. a3 Nc7 14. b4 Be7 15. e4 Nh5 16. Be3 d6 17. Qe2 g6 18. Nd4 Bb7 19. g4 Ng7 20. Ndb5 Nxb5 21. Nxb5 Rd8 22. f4 Bf8 23. Rc1 f5 24. Bd4 fxg4 25. Bf6 Rd7 26. Qxg4 Rf7 27. Bb2 e5 28. Qxc8 Rxc8 29. Nxa7 Ra8 30. Nb5 exf4 31. Rcd1 Ne8 32. Bh3 Bc8 33. Bxc8 Rxc8 34. Rc1 f3 35. Bd4 Rf4 36. Bxb6 Rg4+ 37. Kh1 Rxe4 38. Rxf3 Rexc4 39. Rxc4 Rxc4 40. Rd3 Rc2 41. Bd4 Bh6 42. a4 Bf4 43. h3 Bd2 44. a5 Bxb4 45. a6 Ra2 46. a7 Ra6 47. Re3 Kf7 48. Rxe8 Rxa7 49. Rh8 Ra2 50. Rxh7+ Ke6 51. Nc7+ Kf5 52. Bf2 Bc5 53. Bg3 Ra1+ 54. Kg2 Ra2+ 55. Kf1 Ra1+ 56. Ke2 Ra2+ 57. Kd1 Rg2 58. Be1 Ra2 59. Nd5 Bd4 60. Rh4 Be5 61. Ne3+ Ke6 62. Rg4 Kf7 63. Nc2 Rb2 64. Ne3 Rh2 65. h4 Rh1 66. Ke2 Rh2+ 67. Bf2 Rh1 68. Nf1 Kf6 69. Bg1 d5 70. Ne3 d4 71. Nc4 Rh3 72. Nxe5 Kxe5 73. Bxd4+ Kf5 74. Rg5+ Ke4 75. Bf2 Ra3 76. Rxg6 Ra2+ 77. Kf1 Kf3 78. Rg3+ Kf4 79. Kg2 Rb2 80. Rg8 Ra2 81. Rb8 Kg4 82. Rb4+ Kh5 83. Rf4 Rb2 84. Kh3 Rb3+ 85. Bg3 Rb5 86. Re4 Ra5 87. Re5+ 1-0

[Event "Guarapari op"]
[Site "Guarapari"]
[Date "2017.09.08"]
[Round "3"]
[White "Bispo, Leonardo"]
[Black "Chang, Suzana"]
[Result "1-0"]
[WhiteElo "2223"]
[BlackElo "2098"]
[PlyCount "61"]
[EventDate "2017.09.07"]
[EventType "swiss"]
[EventRounds "6"]
[EventCountry "BRA"]
[SourceTitle "CBM 180 Extra"]
[Source "ChessBase"]
[SourceDate "2017.10.06"]
[SourceVersion "1"]
[SourceVersionDate "2017.10.06"]
[SourceQuality "1"]

1. d4 Nf6 2. c4 g6 3. Nf3 Bg7 4. g3 0-0 5. Bg2 d6 6. b3 c5 7. Bb2 Nc6 8. d5 Na5 9. Nbd2 a6 10. 0-0 Rb8 11. Re1 b5 12. Rc1 Bd7 13. e4 e5 14. dxe6 Bxe6 15. e5 Ng4 16. cxb5 axb5 17. Ne4 Nb7 18. Qe2 c4 19. exd6 Nxd6 20. Bxg7 Kxg7 21. Rcd1 Rb6 22. Nfg5 Bf5 23. Qb2+ f6 24. Nxf6 Qxf6 25. Qxf6+ Kxf6 26. Nxh7+ Kf7 27. Nxf8 Kxf8 28. bxc4 Nxc4 29. Rd8+ Kg7 30. Bd5 Kf6 31. Rf8+ 1-0

[Event "Sao Sebastiao do Paraiso op 1st"]
[Site "Sao Sebastiao do Paraiso"]
[Date "2017.08.19"]
[Round "3"]
[White "Bispo, Leonardo"]
[Black "Borges, Guilherme Deola"]
[Result "0-1"]
[WhiteElo "2228"]
[BlackElo "2204"]
[PlyCount "109"]
[EventDate "2017.08.18"]
[EventType "swiss"]
[EventRounds "6"]
[EventCountry "BRA"]
[SourceTitle "CBM 180 Extra"]
[Source "ChessBase"]
[SourceDate "2017.10.06"]
[SourceVersion "1"]
[SourceVersionDate "2017.10.06"]
[SourceQuality "1"]

1. d4 Nf6 2. c4 g6 3. Nf3 Bg7 4. g3 0-0 5. Bg2 d6 6. b3 Nc6 7. Bb2 e5 8. dxe5 dxe5 9. Qxd8 Rxd8 10. Nc3 e4 11. Ng5 Nd4 12. 0-0-0 Bh6 13. h4 Ng4 14. Ncxe4 Nxe2+ 15. Kb1 Bf5 16. Rxd8+ Rxd8 17. Re1 Nd4 18. f3 Ne5 19. g4 Bxg5 20. gxf5 Bxh4 21. Rh1 Be7 22. f6 Bf8 23. Rd1 Nec6 24. Nc3 Ne6 25. Re1 Nb4 26. Re4 Rd2 27. Re2 Rxe2 28. Nxe2 Nd3 29. Ba1 Ndf4 30. Nxf4 Nxf4 31. Bf1 Bd6 32. Bd4 c5 33. Be3 Ne6 34. Kc2 Be5 35. Bh3 b6 36. Kd3 Bxf6 37. Ke4 Be7 38. Kd5 Nd8 39. Bc8 h5 40. Bf4 h4 41. Bb8 f5 42. Bh2 Kf7 43. Be5 h3 44. Bg3 Kf6 45. Bh4+ g5 46. Bg3 Nf7 47. f4 g4 48. Be6 Nd8 49. Bd7 Kg6 50. Ke5 Bf6+ 51. Kd6 Bh4 52. Be8+ Kg7 53. Bxh4 h2 54. Bxd8 h1Q 55. Bc6 0-1

[Event "Sao Paulo op-A 6th"]
[Site "Sao Paulo"]
[Date "2017.04.15"]
[Round "3"]
[White "Bispo, Leonardo"]
[Black "Batista, Renato Luiz"]
[Result "1/2-1/2"]
[WhiteElo "2244"]
[BlackElo "2154"]
[PlyCount "126"]
[EventDate "2017.04.14"]
[EventType "swiss"]
[EventRounds "6"]
[EventCountry "BRA"]
[SourceTitle "CBM 178 Extra"]
[Source "ChessBase"]
[SourceDate "2017.06.22"]
[SourceVersion "1"]
[SourceVersionDate "2017.06.22"]
[SourceQuality "1"]

1. d4 Nf6 2. c4 e6 3. Nf3 b6 4. g3 Bb7 5. Bg2 Be7 6. 0-0 0-0 7. d5 exd5 8. Nh4 c6 9. cxd5 Nxd5 10. Nf5 Nc7 11. e4 d5 12. Qg4 Bf6 13. Nc3 g6 14. exd5 cxd5 15. Nh6+ Kg7 16. Rd1 Nba6 17. Ne4 Be5 18. Ng5 f6 19. f4 fxg5 20. fxe5 Kxh6 21. Qh3+ Kg7 22. Bxg5 Qe8 23. Bh6+ Kg8 24. Bxf8 Qxf8 25. Rf1 Qc5+ 26. Kh1 Re8 27. Rf7 Kxf7 28. Qxh7+ Ke6 29. Re1 d4 30. Bxb7 Qc2 31. Be4 Qf2 32. Rc1 Kxe5 33. Bg2 Kf6 34. Rf1 Re1 35. Qh8+ Ke7 36. Qh7+ Kd6 37. Qh3 d3 38. g4 Rxf1+ 39. Bxf1 d2 40. Qd3+ Ke5 41. Be2 Qe1+ 42. Kg2 Nc5 43. Qc3+ Kd6 44. Qd4+ Nd5 45. Bf3 d1Q 46. Bxd1 Qe4+ 47. Qxe4 Nxe4 48. Kf3 Ke5 49. h4 Nb4 50. h5 gxh5 51. gxh5 Nd3 52. Ke3 Nxb2 53. Bc2 Nd6 54. h6 Nf7 55. h7 Nc4+ 56. Kd3 b5 57. a4 Nb2+ 58. Kc3 Nxa4+ 59. Kb4 Nb6 60. Kxb5 Nd5 61. Ka6 Nb4+ 62. Kxa7 Nxc2 63. h8Q+ Nxh8 1/2-1/2

[Event "Sao Paulo op-A 6th"]
[Site "Sao Paulo"]
[Date "2017.04.14"]
[Round "1"]
[White "Bispo, Leonardo"]
[Black "Da Silva Junior, Sediney Mari"]
[Result "1-0"]
[WhiteElo "2244"]
[BlackElo "2000"]
[PlyCount "69"]
[EventDate "2017.04.14"]
[EventType "swiss"]
[EventRounds "6"]
[EventCountry "BRA"]
[SourceTitle "CBM 178 Extra"]
[Source "ChessBase"]
[SourceDate "2017.06.22"]
[SourceVersion "1"]
[SourceVersionDate "2017.06.22"]
[SourceQuality "1"]

1. d4 f5 2. c4 Nf6 3. Nf3 d6 4. b3 c6 5. Bb2 Qc7 6. g3 g6 7. Bg2 Bg7 8. 0-0 0-0 9. d5 e5 10. dxc6 Nxc6 11. Nc3 a6 12. Rc1 e4 13. Ne1 Ne5 14. Ba3 Rd8 15. Nd5 Nxd5 16. Qxd5+ Qf7 17. Qxf7+ Kxf7 18. f3 exf3 19. Nxf3 Nxf3+ 20. Bxf3 Rb8 21. Rcd1 Be5 22. Bd5+ Be6 23. e4 Bxd5 24. Rxd5 Ke6 25. exf5+ gxf5 26. Rfd1 b6 27. Bc1 Rbc8 28. Be3 Rc6 29. a4 Rg8 30. Kf2 h5 31. Kf3 Rg4 32. Bf2 Rg7 33. Bd4 h4 34. Re1 hxg3 35. Bxe5 1-0